000 00450nam a2200181Ia 4500
001 16483
005 20260306170313.0
008 260306t2019||||xx |||||||||||||| ||und||
041 _aESP
082 _a348.6
_bJ54G
100 _aJiménez Coronado, Ludmin Gustavo
_eAUT
245 0 _aGuía práctica de documentos laborales
260 _c2019
300 _a79 páginas :
_c24 cm.
650 _aGEN
654 _aCDE
942 _cLIB
_dJUS
_fJUS
_2ddc
_n
999 _c16483
_d16483